000 00589nam a22002297a 4500
003 UA-OsUOA
001 91217
007 ta
008 20121126b un ||||| |||| 00| 0 ukr d
100 _aСнігур С.
090 _a821.161.2
_bС53
942 _cBK
040 _aUA-OsUOA
_bukr
_cUA-OsUOA
_dUA-OsUOA
245 _aПолум'я
_bдрама
300 _a85 с.
955 _a3
041 _aukr
080 _a821.161.2
260 _aК.
_bДержлітвидав
_c1963
650 7 _a82 Література. Літературознавство
_2UDC
999 _c377490
_d377490